000 01257nam a22003137a 4500
008 250428e20250425xxk|||||o|||| 00| 0 eng d
041 _aeng
110 _aRoyal Institution of Chartered Surveyors
245 _aFire safety:
_ba guide for homeowners/occupiers and residents
_h[Electronic resource]
250 _a4th
260 _aLondon,
_bRoyal Institution of Chartered Surveyors,
_cApril 2025
300 _a17p.
490 _aRICS Consumer Guide
500 _aReplaces the 2019 3rd edition.
520 _aAn overview of fire safety requirements for homeowners, occupiers & residents in the UK
650 _aFIRE RISK ASSESSMENTS
650 _aFIRE SAFETY ACT 2022
650 _aFIRE SAFETY
650 _aLANDLORD AND TENANT
650 _aREGULATORY REFORM (FIRE SAFETY) ORDER 2005
650 _aRESIDENTIAL PROPERTY
650 _aRESPONSIBLE PERSONS
651 _aUnited Kingdom
690 _aHealth and safety
_96244
710 _aRoyal Institution of Chartered Surveyors
856 _uhttps://www.rics.org/content/dam/ricsglobal/documents/to-be-sorted/fire-safety-guide_version-4.pdf
_zpdf guide here
856 _uhttps://www.rics.org/consumer-guides/fire-safety-homeownersoccupiers-residents
_zweb version here
942 _n0
999 _c122146
_d122146